00507nam a2200193 a 4500001001300000003000900013005001700022008004100039020001300080082001400093100001600107245004500123260003200168300000900200500003500209505001700244650003600261700001600297nice12345678IN_TiNIC20260116013429.0050524s1965 lona grp 000 0 eng  ac134.7500a232bFUL1 aFuller, R H aFoundations of New Testament Christology aLondonbFontana Booksc1965 a268p aincludes index and biblioraphy2 aBibliography aJesus Christ-Person and Offices1 aFuller, R H